|
|
|
|
| LEADER |
00000nam0a2200000 4500 |
| 001 |
180433 |
| 005 |
20231101223540.0 |
| 010 |
|
|
|a 9785394003578
|
| 035 |
|
|
|a (RuTPU)RU\TPU\book\195605
|
| 090 |
|
|
|a 180433
|
| 100 |
|
|
|a 20100517d2010 km y0rusy50 ca
|
| 101 |
0 |
|
|a rus
|
| 102 |
|
|
|a RU
|
| 105 |
|
|
|a y g 001zy
|
| 200 |
1 |
|
|a Юридический справочник на все случаи жизни
|f Н. А. Алимова, К. О. Гущина, М. А. Шалагина
|
| 210 |
|
|
|a Москва
|c Дашков и К
|d 2010
|
| 215 |
|
|
|a 308 с.
|
| 320 |
|
|
|a Библиогр.: с. 302-308
|
| 330 |
|
|
|a В современной жизни каждый человек должен знать и уметь отстоять свои права. Для этого граждане должны знать законодательство и уметь оперировать его нормами. Настоящее издание поможет читателю не только заявить о своих правах, но и отстоять их. Оно раскрывает основные положения законодательства в наиболее важных сферах жизни: трудовые и семейные отношения, заключение и расторжение сделок и договоров и т. д. Для широкого круга читателей.
|
| 606 |
1 |
|
|a Правоведение
|2 stltpush
|3 (RuTPU)RU\TPU\subj\67407
|9 83220
|
| 610 |
1 |
|
|a право
|
| 610 |
1 |
|
|a жилищное право
|
| 610 |
1 |
|
|a семейное право
|
| 610 |
1 |
|
|a трудовое право
|
| 610 |
1 |
|
|a недвижимость
|
| 610 |
1 |
|
|a сделки
|
| 610 |
1 |
|
|a государственная пошлина
|
| 610 |
1 |
|
|a собственность
|
| 610 |
1 |
|
|a потребители
|
| 610 |
1 |
|
|a защита прав
|
| 610 |
1 |
|
|a автотранспорт
|
| 610 |
1 |
|
|a регистрация
|
| 610 |
1 |
|
|a транспортные средства
|
| 610 |
1 |
|
|a страхование
|
| 610 |
1 |
|
|a наследственное право
|
| 610 |
1 |
|
|a гражданство
|
| 610 |
1 |
|
|a Российская Федерация
|
| 610 |
1 |
|
|a справочники
|
| 686 |
|
|
|a Х620я2
|v LBC/SL-A
|2 rubbk
|
| 700 |
|
1 |
|a Алимова
|b Н. А.
|
| 701 |
|
1 |
|a Гущина
|b К. О.
|
| 701 |
|
1 |
|a Шалагина
|b М. А.
|
| 801 |
|
1 |
|a RU
|b 63413507
|c 20100517
|
| 801 |
|
2 |
|a RU
|b 63413507
|c 20120709
|g RCR
|
| 942 |
|
|
|c BK
|
| 959 |
|
|
|a 31/20100513
|d 1
|e 198,00
|f ЧЗСБИ:1
|